000 00614nam a2200181Ia 4500
008 090124s9999 xx 000 0 und d
082 _b34391
100 _aधारप नारायण
245 _a माटी कहे कुम्हारको.....
250 _a1
260 _bदिलीप प्रकाशन
_c1997
300 _a191
600 _aधारप नारायण
630 _a माटी कहे कुम्हारको.....
700 _aधारप नारायण
730 _a माटी कहे कुम्हारको.....
942 _cBOOK
999 _c100309
_d100309